Ženy v ekonomii - J.V. Robinsonová

Pokračovanie seriálu o pôsobení žien v ekonomickej vede. Joan Violet Robinsonová, anglická ekonómka, predstaviteľka postkeynesovstva.

Salvato in:
Dettagli Bibliografici
Autore principale: Sirůček, Pavel
Natura: Capitolo di libro
Lingua:ceco
Soggetti:
Tags: Aggiungi Tag
Nessun Tag, puoi essere il primo ad aggiungerne!!

MARC

LEADER 00000naa a2200000 4500
001 0147555
005 20231116105628.5
041 0 |a cze 
044 |a CZ 
245 1 0 |a Ženy v ekonomii - J.V. Robinsonová  |c Pavel Sirůček 
520 |a Pokračovanie seriálu o pôsobení žien v ekonomickej vede. Joan Violet Robinsonová, anglická ekonómka, predstaviteľka postkeynesovstva. 
610 2 0 |a osobnosť 
610 2 0 |a veda ekonomická 
610 2 0 |a Robinson, J.V. 
100 1 |a Sirůček, Pavel